Statistics for Norge Land Spørrekonkurranse

Click here to take the quiz!

General Stats

  • This quiz has been taken 626 times
  • The average score is 17 of 24

Answer Stats

hintsvar% Correct
hovedstadOslo
100%
nest største byBergen
96%
nabolandeneFinland
95%
nabolandeneSverige
93%
nabolandeneRussland
91%
1994 Vinter-OL vertsbyenLillehammer
87%
tradisjonell rett av fisk lagret i lutlutefisk
83%
maler av SkrikEdvard Munch
81%
sport på ski med skyting av rifleskiskyting
81%
største eksportolje
76%
mest brukte etternavn (hint: alle fem slutter med -sen)Hansen
71%
første person til å nå SydpolenRoald Amundsen
71%
nordlig øy-kjedeSvalbard
69%
Et dukkehjem dramatikerHenrik Ibsen
68%
mest brukte etternavnOlsen
65%
Ord på fire bokstaver for en
episk fortelling om vikingtiden
saga
63%
verdens nordligste by
(befolkning > 10 000)
Hammerfest
62%
Havet som ligger mellom
Norge og Storbritannia
Nordsjøen
61%
langt, smalt havinnløpfjord
60%
mest brukte etternavnJohansen
47%
3x OL-kunstløp mesterSonja Henie
45%
mest brukte etternavnAndersen
38%
mest brukte etternavnLarsen
35%
grunnlegger av den første norrøne
bosetningen på Grønland
Eirik Raude
(Eiríkr Rauði)
14%

Score Distribution

Percentile by Number Answered

Percent of People with Each Score

Your Score History

You have not taken this quiz